000 01329nam0a22002891 4500
001 rc\3920332
005 20260408083606.0
021 _aRU
_b[47-2242]
035 _a(NLR Aleph) 008025384
090 _a8787213
_c8787213
100 _a20130415d1947 |||y0rusy50 ca
101 0 _arus
102 _aRU
105 _aa c |||||
200 1 _aРуководящие указания по эксплуатации атмосферных деаэратов смешивающего типа
_fМинистерство электростанций СССР. Техн. отд.
210 _aМосква
_aЛенинград
_cИзд-во и тип. Госэнергоиздата в М.
_d1947
215 _a19 с.
_cчерт.
_d20
300 _aАвтор указан на обороте тит. л.: инж. В.И. Бункин
606 _aВода питательная
_xДеаэрация
_2psbo
606 _aДеаэраторы атмосферные
_xЭксплуатация
_2psbo
700 1 _aБункин
_bВ.И.
_gВиктор Игнатьевич
712 0 1 _aСССР
_bМинистерство электростанций
_bТехнический отдел
_3RU\NLR\AUTH\8810168452
_9832714
801 0 _aRU
_bNLR
_gpsbo
801 1 _aRU
_bELAR
_2rusmarc
852 _aNLR
_jТ14 Г-4/460
942 _cBOOK
980 _aNB